Pediatric: critical care study guide: text and review (Record no. 33418)

MARC details
000 -LEADER
fixed length control field 00548nam a2200181Ia 4500
020 ## - INTERNATIONAL STANDARD BOOK NUMBER
ISBN 9780857299222
050 ## - CALL MARK
Classification number RJ 370 .P423/
100 ## - STATEMENT OF RESPONSIBILITY--MAIN AUTHOR NAME
Personal name Edited by Steven E. Lucking
245 #0 - TITLE STATEMENT
Title Pediatric: critical care study guide: text and review
260 ## - PUBLICATION, DISTRIBUTION, ETC. (IMPRINT)
Place of publication New York
260 ## - PUBLICATION, DISTRIBUTION, ETC. (IMPRINT)
Name of publisher Springer
260 ## - PUBLICATION, DISTRIBUTION, ETC. (IMPRINT)
Year of publication 2012
300 ## - PHYSICAL DESCRIPTION
Number of Pages 952 p
650 ## - SUBJECT ADDED ENTRY--TOPICAL TERM
Topical Term Pediatric intensive care--Handbooks, manuals, etc. Pediatric emergencies--Handbooks, manuals, etc.
942 ## - ADDED ENTRY ELEMENTS (KOHA)
Koha item type Books
Holdings
Withdrawn status Lost status Source of classification or shelving scheme Damaged status Not for loan Permanent Location Current Location Date acquired Accession Number Price effective from Koha item type
    Library of Congress Classification     NILE UNIVERSITY OF NIGERIA - MAIN LIBRARY NILE UNIVERSITY OF NIGERIA - MAIN LIBRARY 04/23/2025 0188194 04/23/2025 Books